India's 7 rigvedic rivers on a map - Statistics

General Stats
  • This quiz has been taken 70 times
  • The average score is 4 of 6
Answers on the Map
Answers color-coded by a green-red scale on the quiz's map according to % correct below.
 
Answer Stats
River % Correct
Ganges
100%
Indus
87%
Godavari
64%
Yamuna
64%
Kaveri
58%
Narmada
55%
No matching quizzes found
Score Distribution
Percent of People with Each Score
Percentile by Number Answered
Your Score History
You have not taken this quiz